00921nam a2200265 a 450000100060000000300080000600500170001400800410003102000150007202000220008703500190010903800120012804000290014004100080016908200260017710000260020324500470022926000650027630000340034150400510037565000380042694200120046499900170047695201620049370390BD-RjUL20211209082007.0170417s2006 enka b 001 0 eng d a8173196567 a1842652508 (hbk.) a(BD-RjUL)70604 aUkLCURL aUkCUbengcUkCUdBD-RjUL aeng 223a514.325bKUT 20061 aKumaresan, S.920842310aTopology of metric spaces /cS. Kumaresan. aHarrow :bAlpha Science International,cc2005 [reprint 2006] axii, 152 p. :bill. ;c25 cm. aIncludes bibliographical references and index. 0aMetric spacesvTextbooks.9208424 2ddccBK c70390d70390 00102ddc40718NFICaRUCLbRUCLcReadingd2010-08-17eDhaka, Paragon Enterprise ltd.g145.00l0o514.325 KUT 2006r2017-04-17 00:00:00tC-1w2017-04-17yBK